[Event "45th Olympiad Budapest 2024"]
[Site "Budapest"]
[Date "2024.09.19"]
[Round "8"]
[Board "4"]
[White "Baidetskyi, Valentin"]
[Black "Delgado Romero, Marco"]
[Result "1-0"]
[WhiteElo "2512"]
[BlackElo "2390"]
[PlyCount "103"]
[EventDate "2024.09.11"]
[EventType "team-tourn"]
[EventRounds "11"]
[EventCountry "HUN"]
[WhiteTeam "Austria"]
[BlackTeam "Peru"]
[WhiteTeamCountry "AUT"]
[BlackTeamCountry "PER"]

1. e4 c5 2. Nf3 g6 3. c4 Bg7 4. d4 cxd4 5. Nxd4 Nc6 6. Be3 Qb6 7. Nb5 Qa5+ 8. N5c3 d6 ({RR} 8... Nf6 9. Nd2 O-O 10. Be2 d6 11. O-O Be6 12. a3 Rfc8 13. b4 Qd8 14. Rc1 Nd7 15. Nd5 a5 16. Rb1 axb4 17. axb4 Ra3 18. c5 dxc5 19. bxc5 Na5 20. Qc1 Rxe3 21. Nxe3 Nxc5 22. Qd1 Bc3 23. Ndc4 {1-0 Nepomniachtchi,I (2773)-Abdusattorov,N (2661) Chess.com Rapid Wk12 KO 2022 (3.1)}) 9. a3 $146 ({RR} 9. Be2 Qb4 10. Qc1 Bd4 11. Bd2 Nf6 12. O-O Bg4 13. Bxg4 Nxg4 14. Na3 Qc5 15. Nd1 Qe5 16. Bf4 Qxe4 17. Nb5 O-O 18. Nxd4 Qxd4 19. h3 Nge5 20. Bh6 Rfd8 21. b3 Nd3 22. Qd2 d5 23. cxd5 Qxd5 {0-1 Donchenko,A (2639)-Vakhidov,J (2580) UzChess Cup Challengers 2024 (7.2)}) ({RR} 9. Be2 Nf6 10. O-O O-O 11. Nd2 Nd7 12. Nb3 Qd8 13. Rc1 b6 14. f4 Bb7 15. Bf3 Rc8 16. a3 Nc5 17. Na1 Na5 18. Qe2 Nab3 19. Nxb3 Nxb3 20. Rc2 Nd4 21. Bxd4 Bxd4+ 22. Kh1 Ba6 23. b3 Bxc3 {1-0 Contreras Rodriguez,H (2220)-Duran Vega,S (2304) Latin Cup-A 3rd 2012 (6)}) ({RR} 9. Be2 Qb4 10. Qd2 Nf6 11. f3 O-O 12. O-O Be6 13. a3 Qa5 14. Ra2 Rfc8 15. b4 Qd8 16. Nd5 Ne5 17. Rc2 Nfd7 18. f4 Ng4 19. Bxg4 Bxg4 20. f5 gxf5 21. exf5 Ne5 22. c5 Qd7 23. h3 e6 {1-0 Murphy,C (2336)-Young,D (1962) GBR-ch 105th 2018 (2)}) 9... Nf6 10. f3 Be6 11. Nd2 Nd7 12. Rc1 O-O 13. Nb3 Qd8 14. Be2 a5 15. Na1 Nc5 16. b3 f5 17. exf5 gxf5 18. f4 Ne4 19. Nxe4 fxe4 20. O-O d5 21. cxd5 Bxd5 22. Rc5 Bf7 23. Qb1 a4 24. Rd1 Qb6 25. b4 Rfd8 26. Qxe4 Rxd1+ 27. Bxd1 Rd8 28. Bxa4 Nd4 29. Nc2 e5 30. fxe5 Bg6 31. Qh4 Nf5 32. Qc4+ Bf7 33. Qe2 Qg6 34. Bb5 Nxe3 35. Nxe3 Bh6 36. Nf1 Kh8 37. Bc4 Bf8 38. Rb5 Be8 39. Rd5 Rc8 40. Rd1 Bc6 41. Ng3 Bg7 42. Nh5 Be4 43. Nxg7 Rxc4 44. Nh5 Rc8 45. e6 Kg8 46. Qxe4 Qxh5 47. Rf1 Qg5 48. e7 Re8 49. Qe6+ Kg7 50. Rf7+ Kh8 51. Rf8+ Kg7 52. Qg8+ 1-0

[Event "45th Olympiad Budapest 2024"]
[Site "Budapest"]
[Date "2024.09.19"]
[Round "8"]
[Board "1"]
[White "Murphy, Conor E"]
[Black "Cheng, Bobby"]
[Result "1/2-1/2"]
[WhiteElo "2453"]
[BlackElo "2588"]
[PlyCount "265"]
[EventDate "2024.09.11"]
[EventType "team-tourn"]
[EventRounds "11"]
[EventCountry "HUN"]
[WhiteTeam "Ireland"]
[BlackTeam "Australia"]
[WhiteTeamCountry "IRL"]
[BlackTeamCountry "AUS"]

1. e4 c5 2. Nf3 d6 3. Bb5+ Nd7 4. O-O a6 5. Be2 Ngf6 6. d3 e6 7. a4 b6 8. Nfd2 Nb8 ({RR} 8... Be7 9. f4 O-O 10. Bf3 Bb7 11. Nc3 d5 12. g4 Nb8 13. g5 Ne8 14. exd5 exd5 15. Bg2 Nc7 16. Nc4 Nc6 17. Nxb6 Rb8 18. Nbxd5 Nxd5 19. Nxd5 Nd4 20. c4 Bd6 21. Be3 Nf5 22. Bd2 Bxd5 23. Bxd5 {½-½ Nepomniachtchi,I (2771)-Carlsen,M (2839) AI Cup Div 1 W 2023 (2.2)}) 9. f4 Nc6 10. Bf3 Bb7 11. c3 $146 ({RR} 11. e5 dxe5 12. fxe5 Nd5 13. Nc4 Be7 14. Bxd5 exd5 15. Nd6+ Bxd6 16. exd6 Qxd6 17. Bf4 Qd7 18. Re1+ Kf8 19. a5 Nxa5 20. Nd2 Nc6 21. Qh5 f6 22. Nf3 Ne7 23. b4 Ng6 24. Bg3 Rc8 25. bxc5 bxc5 {1-0 Maze,S (2553)-Moussard,J (2596) 97th ch-FRA 2024 (2.1)}) 11... Be7 12. Qe2 Qc7 13. Nc4 O-O 14. Nxd6 Qxd6 15. e5 Qc7 16. exf6 Bxf6 17. Nd2 Na5 18. Bxb7 Qxb7 19. Ne4 Be7 20. Be3 Qd7 21. Qc2 Rac8 22. Rad1 Qd5 23. Ng3 g6 24. Ne4 Nc6 25. Bc1 Rfd8 26. Nf2 Bf6 27. Ng4 Bg7 28. Ne3 Qd7 29. Nc4 Qc7 30. Qe2 b5 31. axb5 axb5 32. Nd2 Ne7 33. Ne4 Nd5 34. Kh1 Rd7 35. Qf3 Qa7 36. Rfe1 Qb6 37. Qe2 Qc6 38. Qf3 Qb6 39. Qe2 Qc7 40. Rf1 Qc6 41. Qf3 Ra7 42. c4 Nf6 43. cxb5 Qb7 44. Nd6 Qxf3 45. Rxf3 Rd8 46. Nc4 Rb7 47. b6 Nd5 48. Bd2 Ra8 49. Ba5 Bxb2 50. Rb1 Bc3 51. Bxc3 Nxc3 52. Rc1 Ra4 53. g3 Nd5 54. Kg2 Kg7 55. Rf2 Nxb6 56. Nxb6 Rxb6 57. Rxc5 Rb3 58. Rd2 Rd4 59. h4 h5 60. Kf2 Rdxd3 61. Rxd3 Rxd3 62. Ra5 Kf6 63. Rb5 Ke7 64. Ra5 Rd5 65. Ra7+ Rd7 66. Ra8 Kd6 67. Ra5 Rc7 68. Kf3 Rc3+ 69. Kf2 Rc5 70. Ra7 Rc7 71. Ra5 Ke7 72. Kf3 Kf6 73. Rb5 Ra7 74. Rb3 Rd7 75. Rb5 Rd3+ 76. Kf2 Rd5 77. Rb7 Rf5 78. Kg2 Kg7 79. Ra7 Rd5 80. Kf3 Kf8 81. Ra6 Ke7 82. Ra7+ Rd7 83. Ra6 Rb7 84. Kf2 Kf6 85. Ra5 Rb3 86. Ra7 Rb5 87. Kf3 Kg7 88. Kf2 Rc5 89. Kf3 Rf5 90. Kg2 e5 91. fxe5 Rxe5 92. Kf3 Kf6 93. Ra6+ Kf5 94. Ra7 f6 95. Ra4 Rb5 96. Ra3 Ke6 97. Re3+ Re5 98. Ra3 Rf5+ 99. Kg2 Rd5 100. Kf3 Rb5 101. Re3+ Re5 102. Ra3 Rf5+ 103. Kg2 Rd5 104. Kf3 g5 105. hxg5 fxg5 106. Ra2 Rd3+ 107. Kg2 Re3 108. Kf2 Re5 109. Kf3 Rb5 110. Kg2 Kf5 111. Kf3 Rb3+ 112. Kg2 Re3 113. Kf2 Re5 114. Kf3 Rd5 115. Rb2 Rd3+ 116. Kg2 Ke4 117. Kf2 Rf3+ 118. Kg2 Rc3 119. Kf2 g4 120. Rb4+ Kd3 121. Rb5 Rc2+ 122. Kg1 Ke4 123. Rxh5 Kf3 124. Rf5+ Kxg3 125. Rf1 Rg2+ 126. Kh1 Rf2 127. Ra1 Kh3 128. Kg1 Rg2+ 129. Kh1 Rb2 130. Kg1 g3 131. Rc1 Rg2+ 132. Kh1 Re2 133. Kg1 1/2-1/2

[Event "45th Olympiad Budapest 2024"]
[Site "Budapest"]
[Date "2024.09.19"]
[Round "8"]
[Board "2"]
[White "Sardana, Rishi"]
[Black "Kanyamarala, Tarun"]
[Result "1/2-1/2"]
[WhiteElo "2477"]
[BlackElo "2361"]
[PlyCount "117"]
[EventDate "2024.09.11"]
[EventType "team-tourn"]
[EventRounds "11"]
[EventCountry "HUN"]
[WhiteTeam "Australia"]
[BlackTeam "Ireland"]
[WhiteTeamCountry "AUS"]
[BlackTeamCountry "IRL"]

1. e4 c5 2. Nf3 e6 3. c3 Nf6 4. e5 Nd5 5. d4 cxd4 6. cxd4 d6 7. Bc4 Be7 8. O-O O-O 9. Qe2 dxe5 10. dxe5 Bd7 11. Bxd5 exd5 12. Rd1 Be6 13. Nc3 Nc6 14. h3 Qd7 15. Be3 f6 $146 ({RR} 15... Rad8 16. Rac1 f6 17. exf6 Bxf6 18. Nb5 Rfe8 19. Nbd4 Bf7 20. Nxc6 bxc6 21. Nd4 Rc8 22. b4 a5 23. a3 axb4 24. axb4 Qb7 25. Qd2 Be7 26. Nf5 Qxb4 27. Qxb4 Bxb4 28. Bc5 Bxc5 29. Rxc5 Re5 30. Nd6 {½-½ Godena,M (2435)-Hercegovac,N (2278) 22nd Spilimbergo Open 2024 (8.24)}) 16. exf6 Bxf6 17. Ne4 Rae8 18. Nc5 Qf7 19. Nxe6 Rxe6 20. Qc2 Re4 21. Rd2 Rfe8 22. Qd1 d4 23. Bg5 h6 24. Bxf6 Qxf6 25. Qb3+ Qf7 26. Qxf7+ Kxf7 27. b4 Ne5 28. Nxe5+ R8xe5 29. Rad1 a5 30. bxa5 Rxa5 31. Rxd4 Rxd4 32. Rxd4 Rxa2 33. Rd7+ Kf6 34. Rxb7 Ra1+ 35. Kh2 Ra2 36. Kg3 Ra3+ 37. f3 Rc3 38. Kg4 Rc2 39. Rb6+ Kf7 40. g3 Rc4+ 41. f4 Ra4 42. Rb5 Kf6 43. h4 Ra3 44. Rb6+ Kf7 45. Rb5 Kf6 46. Rf5+ Kg6 47. h5+ Kh7 48. Rf8 Rb3 49. Kh4 Ra3 50. Re8 Rf3 51. Re4 Ra3 52. g4 Rb3 53. g5 hxg5+ 54. fxg5 Rb1 55. Re3 Rh1+ 56. Kg4 Rg1+ 57. Kf4 Rh1 58. Kg4 Rg1+ 59. Kf4 1/2-1/2

[Event "45th Olympiad Budapest 2024"]
[Site "Budapest"]
[Date "2024.09.19"]
[Round "8"]
[Board "3"]
[White "O'Gorman, Tom"]
[Black "Zhao, Zong-Yuan"]
[Result "1/2-1/2"]
[WhiteElo "2353"]
[BlackElo "2478"]
[PlyCount "84"]
[EventDate "2024.09.11"]
[EventType "team-tourn"]
[EventRounds "11"]
[EventCountry "HUN"]
[WhiteTeam "Ireland"]
[BlackTeam "Australia"]
[WhiteTeamCountry "IRL"]
[BlackTeamCountry "AUS"]

1. d4 d5 2. c4 e6 3. Nc3 Nf6 4. Nf3 Be7 5. Bf4 O-O 6. e3 b6 7. Bd3 Bb7 8. O-O Nbd7 9. cxd5 exd5 10. Nb5 c5 11. Nd6 Bxd6 12. Bxd6 Re8 13. b3 $146 ({RR} 13. Rc1 c4 14. Bf5 Ne4 15. Bf4 b5 16. Ne5 Ndf6 17. f3 Nd6 18. Bb1 Nh5 19. Qc2 f5 20. Bg3 Nxg3 21. hxg3 Qg5 22. Kf2 g6 23. Rh1 a5 24. Rh4 Re7 25. Rch1 b4 26. Qa4 Rc7 27. Rxh7 Rxh7 {1-0 Dupuis,P-Jarosz,S Detroit East op 1983}) ({RR} 13. Rc1 c4 14. Bf5 Nf8 15. Bg3 Bc8 16. Bb1 Bg4 17. h3 Bh5 18. Re1 Ne4 19. Bh2 Ng5 20. Bf5 Bxf3 21. gxf3 g6 22. f4 gxf5 23. fxg5 Qxg5+ 24. Kh1 Qh4 25. Rg1+ Ng6 26. Qf3 Qe4 27. Qxe4 Rxe4 {0-1 Mumdgan,S (2220)-Serditykh,O (1953) Sochi Doroshkevich Amateur op 2017 (4)}) 13... Ne4 14. Bf4 Nf8 15. dxc5 bxc5 16. h3 Ng6 17. Bh2 Nc3 18. Qc2 d4 19. Nd2 Nh4 20. e4 f5 21. Rae1 Qg5 22. Bg3 Nxg2 23. Kxg2 f4 24. Nb1 Nxb1 25. Qxb1 fxg3 26. fxg3 Re5 27. Rf4 h5 28. Qc1 Rae8 29. Kh2 Kh7 30. Qd1 Qg6 31. Qf3 R8e7 32. Rf5 Qh6 33. Rf4 Qg6 34. Rf5 Qh6 35. Rf8 h4 36. Rf4 hxg3+ 37. Qxg3 g5 38. Rf5 Rxf5 39. exf5 Rxe1 40. Qxe1 Qd6+ 41. Qg3 Qxg3+ 42. Kxg3 Kg7 1/2-1/2

[Event "45th Olympiad Budapest 2024"]
[Site "Budapest"]
[Date "2024.09.19"]
[Round "8"]
[Board "4"]
[White "Smerdon, David C"]
[Black "Fitzsimons, David"]
[Result "1/2-1/2"]
[WhiteElo "2475"]
[BlackElo "2315"]
[PlyCount "116"]
[EventDate "2024.09.11"]
[EventType "team-tourn"]
[EventRounds "11"]
[EventCountry "HUN"]
[WhiteTeam "Australia"]
[BlackTeam "Ireland"]
[WhiteTeamCountry "AUS"]
[BlackTeamCountry "IRL"]

1. e4 c5 2. c3 d5 3. exd5 Qxd5 4. d4 cxd4 5. cxd4 e5 6. Nf3 exd4 7. Qxd4 Nf6 8. Nc3 Qe6+ 9. Be3 Nc6 10. Qa4 Bb4 11. Bb5 O-O 12. O-O Bxc3 13. bxc3 Bd7 14. Rfe1 a6 15. Bf1 $146 ({RR} 15. Bc4 Qf5 16. Qa3 Rac8 17. Rad1 Rfe8 18. Qb2 b5 19. Bd3 Qh5 20. Be2 Na5 21. Bd4 Be6 22. Ne5 Qg5 23. a4 Bd5 24. Nf3 Qg6 25. axb5 Nc4 26. Qb1 Qxb1 27. Rxb1 Bxf3 28. Bxf3 Nd2 29. bxa6 Nxf3+ {1-0 Link,R (1878)-Juziak,P (2027) Niederrhein-ch 2016 (3)}) 15... Ne5 16. Qf4 Nxf3+ 17. Qxf3 Bc6 18. Qg3 Qg4 19. Bd4 Qxg3 20. hxg3 Rfe8 21. f3 Rac8 22. Kf2 Rxe1 23. Kxe1 h5 24. Kd2 Ne8 25. Bd3 Rd8 26. Re1 Nd6 27. Rh1 Bd5 28. a4 Bb3 29. Rxh5 Bxa4 30. Rg5 Ne8 31. Be4 Rd7 32. g4 Bb3 33. f4 f6 34. Rc5 Nd6 35. Bd3 Ba4 36. g5 b6 37. Rc4 Bb5 38. Rb4 fxg5 39. fxg5 Bxd3 40. Kxd3 b5 41. Rb1 Nf7 42. g6 Ne5+ 43. Ke4 Nxg6 44. c4 Re7+ 45. Kf5 Nh4+ 46. Kg5 bxc4 47. Rb6 a5 48. g4 Ng2 49. Rc6 Kf7 50. Rxc4 Ne3 51. Bxe3 Rxe3 52. Rc5 a4 53. Ra5 a3 54. Ra7+ Kf8 55. Kg6 Re6+ 56. Kg5 Re3 57. Kg6 Re6+ 58. Kg5 Re3 1/2-1/2

[Event "45th Olympiad Budapest 2024"]
[Site "Budapest"]
[Date "2024.09.19"]
[Round "8"]
[Board "1"]
[White "Ziska, Helgi Dam"]
[Black "Pelletier, Yannick"]
[Result "1/2-1/2"]
[WhiteElo "2553"]
[BlackElo "2526"]
[PlyCount "63"]
[EventDate "2024.09.11"]
[EventType "team-tourn"]
[EventRounds "11"]
[EventCountry "HUN"]
[WhiteTeam "Faroe Islands"]
[BlackTeam "Switzerland"]
[WhiteTeamCountry "FAI"]
[BlackTeamCountry "SUI"]

1. e4 e6 2. d4 d5 3. Nd2 c5 4. Ngf3 cxd4 5. Nxd4 Nf6 6. exd5 Nxd5 7. N2f3 Bb4+ 8. Bd2 Bc5 9. c3 O-O 10. Bc4 ({RR} 10. Be2 h6 11. O-O Qf6 12. Bc4 Rd8 13. Qe2 b6 14. Nb5 Nc6 15. Rad1 Bb7 16. Bxd5 exd5 17. Nbd4 Nxd4 18. Nxd4 a5 19. Rfe1 a4 20. a3 Ba6 21. Qg4 Bc4 22. Nf5 Kh7 23. Be3 Re8 24. Bd4 Bxd4 {0-1 Kozlov,D (2099)-Kuru,A (2374) Titled Tue 20th Aug Late 2024 (6)}) 10... Nc6 11. Nxc6 bxc6 12. O-O ({RR} 12. Qc2 Qb6 13. O-O a5 14. Rad1 Ba6 15. Bxa6 Qxa6 16. c4 Nf6 17. b3 Rfd8 18. Bc3 Qb6 19. h3 h6 20. Rxd8+ Rxd8 21. Re1 Nh5 22. Kf1 Bb4 23. Re2 Bxc3 24. Qxc3 Rd1+ 25. Re1 Rd8 26. Qc2 Nf6 {1-0 Nepomniachtchi,I (2782)-Grischuk,A (2764) Wch Rapid Warsaw 2021 (10)}) 12... Qb6 $146 ({RR} 12... Qc7 13. Qe2 Rb8 14. b3 Bd6 15. h3 h6 16. Rad1 c5 17. Bd3 Nf4 18. Bxf4 Bxf4 19. Ba6 Bxa6 20. Qxa6 Rfd8 21. Qc4 g6 22. Rfe1 Bd6 23. Rd3 Be7 24. Red1 Rxd3 25. Rxd3 Rd8 26. Qe4 Bf6 27. c4 {½-½ Valiyev,S (2233)-Gadimbayli,A (2524) 77th ch-AZE Prelim 2023 (1.7)}) 13. b4 Be7 14. Bd3 Ba6 15. c4 Nxb4 16. Rb1 Nxd3 17. Rxb6 axb6 18. Qc2 Rfd8 19. Be3 c5 20. a3 Bb7 21. Qb3 Bxf3 22. gxf3 Ne5 23. f4 Nf3+ 24. Kg2 Nh4+ 25. Kg1 Nf3+ 26. Kg2 Nh4+ 27. Kg1 Rd6 28. a4 Nf3+ 29. Kg2 Nh4+ 30. Kg1 Nf3+ 31. Kg2 Nh4+ 32. Kg1 1/2-1/2

[Event "45th Olympiad Budapest 2024"]
[Site "Budapest"]
[Date "2024.09.19"]
[Round "8"]
[Board "2"]
[White "Peng, Li Min"]
[Black "Nielsen, Hogni Egilstoft"]
[Result "1/2-1/2"]
[WhiteElo "2514"]
[BlackElo "2379"]
[PlyCount "63"]
[EventDate "2024.09.11"]
[EventType "team-tourn"]
[EventRounds "11"]
[EventCountry "HUN"]
[WhiteTeam "Switzerland"]
[BlackTeam "Faroe Islands"]
[WhiteTeamCountry "SUI"]
[BlackTeamCountry "FAI"]

1. d4 Nf6 2. c4 e6 3. g3 d5 4. Nf3 Be7 5. Bg2 O-O 6. Nc3 b6 7. cxd5 exd5 8. O-O Bb7 9. Bf4 a6 10. Rc1 Nbd7 11. Ne5 c5 12. Nxd7 Qxd7 13. Na4 Qb5 14. b3 Rac8 $146 ({RR} 14... Rfe8 15. Bc7 cxd4 16. Bxb6 Ba3 17. Rc2 Rac8 18. Rxc8 Bxc8 19. Bxd4 Qxe2 20. Nc3 Qe6 21. Qd3 a5 22. Rd1 Ba6 23. Qb1 h6 24. Be3 Rd8 25. Na4 Be2 26. Re1 Qa6 27. Bd4 Bd3 28. Qa1 Bg6 29. Nc3 {1-0 Szustakowski,A (2300)-Samborski,H (2098) POL-chT 1st League 2018 (4.2)}) 15. Bh3 c4 16. Bxc8 Rxc8 17. Rb1 Qc6 18. b4 Re8 19. Nc3 b5 20. a3 Qe6 21. f3 Nh5 22. Bc1 Qg6 23. Rf2 Bd6 24. Rg2 Bc8 25. g4 Nf6 26. Rb2 Bb7 27. Bd2 Nd7 28. a4 Bc6 29. axb5 axb5 30. Qa1 Qf6 31. e3 Qxf3 32. Rb1 1/2-1/2

[Event "45th Olympiad Budapest 2024"]
[Site "Budapest"]
[Date "2024.09.19"]
[Round "8"]
[Board "3"]
[White "Egilstoft, Rogvi"]
[Black "Georgiadis, Nico"]
[Result "0-1"]
[WhiteElo "2278"]
[BlackElo "2510"]
[PlyCount "86"]
[EventDate "2024.09.11"]
[EventType "team-tourn"]
[EventRounds "11"]
[EventCountry "HUN"]
[WhiteTeam "Faroe Islands"]
[BlackTeam "Switzerland"]
[WhiteTeamCountry "FAI"]
[BlackTeamCountry "SUI"]

1. e4 c5 2. c3 d5 3. exd5 Nf6 4. d4 Nxd5 5. Nf3 cxd4 6. Bc4 e6 7. Nxd4 Bc5 8. O-O O-O 9. Qf3 $146 ({RR} 9. Nb3 Bd6 10. h3 Nc6 11. N1d2 Ne5 12. Bxd5 exd5 13. Nf3 Qf6 14. Nbd4 h6 15. Nxe5 Qxe5 16. Nf3 Qh5 17. Nd4 Qg6 18. Qf3 Be6 19. Be3 a6 20. Rad1 Bc7 21. Rd2 Rad8 22. Rfd1 Rfe8 23. a3 b5 {½-½ Smith,C (1661)-Malkin,J Ayr op 2016 (3)}) ({RR} 9. Re1 b6 10. Qg4 Bb7 11. Bg5 Nf6 12. Qh4 Bxd4 13. cxd4 Nc6 14. d5 exd5 15. Nc3 Ne7 16. Bxf6 gxf6 17. Rxe7 Kh8 {1-0 Rivero Ojeda,C (2302)-Teske,H (2578) ESP-chT CECLUB Norte Div 1 2007 (1)}) ({RR} 9. Bb3 Nc6 10. Nxc6 bxc6 11. Qg4 f5 12. Qf3 e5 13. Rd1 e4 14. Qg3 Be6 15. Bg5 Qb6 16. c4 f4 17. Qh4 Nb4 18. Nc3 e3 19. Na4 exf2+ 20. Kf1 Qa5 21. Nxc5 Qxc5 22. Be7 Bxc4+ 23. Bxc4+ Qxc4+ {½-½ Perndl,J (2058)-Steiner,P (1986) AUT-ch Pinkafeld 2015 (4)}) 9... Nb6 10. Bd3 Bxd4 11. cxd4 Nc6 12. Rd1 f5 13. Nc3 Nxd4 14. Qg3 Qf6 15. Bg5 Qf7 16. Be3 Nc6 17. Bc5 Rd8 18. Bxb6 axb6 19. Bc4 Bd7 20. Qc7 Be8 21. Qxb6 Qe7 22. Re1 Bf7 23. Nd5 Qh4 24. Ne3 f4 25. Nf5 Qf6 26. Qxb7 Na5 27. Ne7+ Kh8 28. Qb4 Nxc4 29. Nc6 Rdc8 30. Qxc4 e5 31. Qe4 Rxc6 32. Rac1 Rac8 33. Rxc6 Rxc6 34. a4 h6 35. a5 Rc4 36. Qa8+ Kh7 37. b3 Rd4 38. Qc8 Bxb3 39. a6 Bd5 40. a7 Qg6 41. g3 fxg3 42. fxg3 Rd2 43. Qd8 Qd3 0-1

[Event "45th Olympiad Budapest 2024"]
[Site "Budapest"]
[Date "2024.09.19"]
[Round "8"]
[Board "4"]
[White "Kurmann, Oliver"]
[Black "Apol, Luitjen Akselsson"]
[Result "0-1"]
[WhiteElo "2421"]
[BlackElo "2219"]
[PlyCount "160"]
[EventDate "2024.09.11"]
[EventType "team-tourn"]
[EventRounds "11"]
[EventCountry "HUN"]
[WhiteTeam "Switzerland"]
[BlackTeam "Faroe Islands"]
[WhiteTeamCountry "SUI"]
[BlackTeamCountry "FAI"]

1. e4 c5 2. Nf3 d6 3. d4 cxd4 4. Nxd4 Nf6 5. Nc3 a6 6. Bg5 Nbd7 7. f3 e6 8. Qd2 h6 9. Be3 b5 ({RR} 9... h5 10. a4 Qc7 11. a5 Be7 12. Qf2 O-O 13. Nb3 Rb8 14. Ba7 Ra8 15. O-O-O Qc6 16. Nd4 Qc7 17. Nb3 Qc6 18. Bd4 Nc5 19. Nxc5 dxc5 20. Be5 Nd7 21. Bf4 b5 22. axb6 Nxb6 23. g4 Na4 24. gxh5 {0-1 Savchenko,B (2550)-Cheparinov,I (2693) EU-ch 19th Batumi 2018 (4)}) 10. a3 Bb7 11. O-O-O Rc8 12. Kb1 $146 ({RR} 12. g4 Ne5 13. Qe1 Qc7 14. Bf4 Be7 15. Bg3 Nfd7 16. f4 Nxg4 17. Rg1 h5 18. h3 h4 19. hxg4 hxg3 20. Qxg3 Qb6 21. g5 g6 22. f5 e5 23. Nde2 b4 24. axb4 Qxb4 25. fxg6 fxg6 26. Bh3 Rc7 {1-0 Maslak,K (2537)-Plischki,S (2387) Olomouc Valoz Cup 2006 (6)}) ({RR} 12. g4 Ne5 13. g5 hxg5 14. Bxg5 Qc7 15. Kb1 Nfd7 16. f4 Nc4 17. Bxc4 Qxc4 18. Rhe1 Nb6 19. e5 b4 20. axb4 Qxb4 21. Ne4 Qxd2 22. Rxd2 Nc4 23. Rde2 Bxe4 24. Rxe4 Nd2+ 25. Kc1 Nxe4 26. Rxe4 Rxh2 {0-1 Camacho Campusano,D (2219)-Bu Xiangzhi (2693) 45th Olympiad 2024 (1.4)}) ({RR} 12. g4 Ne5 13. g5 hxg5 14. Bxg5 Be7 15. Rg1 g6 16. h4 Qa5 17. f4 Nc4 18. Bxc4 Rxc4 19. e5 Rxc3 20. exf6 Rxa3 21. bxa3 Qxa3+ 22. Kb1 Bd5 23. Nb3 Bd8 24. Qc3 O-O 25. h5 Ba5 26. Qxa5 {1-0 Szalay,K (2193)-Scantland,P (1751) Gatineau Maisonneuve Memorial 2009 (2)}) 12... d5 13. exd5 Bxd5 14. Bf4 Qb6 15. Re1 Bb7 16. Nf5 b4 17. axb4 Bxb4 18. Nd6+ Ke7 19. Nxc8+ Rxc8 20. Na4 Bxd2 21. Nxb6 Bxf4 22. Nxc8+ Bxc8 23. Rd1 Bb7 24. Be2 Bc7 25. Rd3 Nc5 26. Ra3 a5 27. Bb5 Nd5 28. Re1 Kf6 29. g3 g5 30. Kc1 e5 31. Kd2 Ne6 32. c3 Bb6 33. Bc4 Nec7 34. Rea1 Ne7 35. Rb3 Nc8 36. Be2 Bd5 37. Rba3 Nd6 38. b3 e4 39. fxe4 Nxe4+ 40. Kc2 Nc5 41. c4 Be4+ 42. Kc3 Nb7 43. Rf1+ Kg6 44. Bf3 f5 45. Raa1 Ne6 46. Rad1 Bc5 47. g4 Bb4+ 48. Kb2 Nbc5 49. gxf5+ Bxf5 50. Bh5+ Kxh5 51. Rxf5 Kg4 52. Rf6 h5 53. Kc2 Kh3 54. Rf2 g4 55. Rf5 Kxh2 56. Rxh5+ Kg2 57. Rhh1 g3 58. Rdg1+ Kf3 59. Rf1+ Kg4 60. Rh8 Ng5 61. Rg8 Nce4 62. Kd3 Bc5 63. Ra8 g2 64. Re1 Ng3 65. Rxa5 Nf1 66. Rxc5 g1=Q 67. Ree5 Qg3+ 68. Kc2 Qf2+ 69. Kc1 Qd2+ 70. Kb1 Qd3+ 71. Ka2 Nf3 72. Re8 Nd4 73. Rg8+ Kf3 74. Rf8+ Ke2 75. Rb8 Nd2 76. Re5+ Kd1 77. Rd5 Qc2+ 78. Ka3 Nb1+ 79. Kb4 Qxb3+ 80. Kc5 Qxb8 0-1

[Event "45th Olympiad Budapest 2024"]
[Site "Budapest"]
[Date "2024.09.19"]
[Round "8"]
[Board "1"]
[White "Ashiku, Franc"]
[Black "Grandelius, Nils"]
[Result "0-1"]
[WhiteElo "2400"]
[BlackElo "2653"]
[PlyCount "82"]
[EventDate "2024.09.11"]
[EventType "team-tourn"]
[EventRounds "11"]
[EventCountry "HUN"]
[WhiteTeam "Albania"]
[BlackTeam "Sweden"]
[WhiteTeamCountry "ALB"]
[BlackTeamCountry "SWE"]

1. d4 Nf6 2. Nf3 c5 3. d5 b5 4. e4 Nxe4 5. Bd3 Qa5+ 6. Nbd2 Nf6 7. O-O c4 8. Be4 d6 9. Nd4 ({RR} 9. a4 a6 10. Re1 Bb7 11. b4 Qc7 12. Nd4 c3 13. N2b3 e5 14. Bf3 Be7 15. Nf5 O-O 16. axb5 axb5 17. Rxa8 Bxa8 18. Qd3 Rc8 19. Nxe7+ Qxe7 20. Bg5 Nbd7 21. Qxb5 h6 22. Bxf6 Nxf6 23. Na5 e4 {0-1 Bonte,A (2272)-Ilinca,F (2377) ch-ROU 2024 Eforie Nord ROU (9.6)}) 9... g6 10. Qf3 $146 ({RR} 10. Bf3 Bg7 11. Re1 Nfd7 12. Nc6 Nxc6 13. dxc6 Nf6 14. a4 Be6 15. b4 Qxb4 16. Ba3 Qa5 17. axb5 Qxb5 18. Rb1 Qa6 19. c7 d5 20. Bc5 Qc8 21. Nxc4 Qxc7 22. Rb5 a6 23. Ra5 O-O 24. Nb6 Rab8 {0-1 Le,Q (2709)-Dubov,D (2702) Chess.com Rapid Wk16 KO 2022 (1.2)}) 10... Bg7 11. Ne6 fxe6 12. dxe6 Bxe6 13. Bxa8 d5 14. Qe2 Bf7 15. Nf3 O-O 16. Ng5 Na6 17. Bb7 Nc5 18. Qxe7 b4 19. Be3 Nxb7 20. Qxb7 d4 21. Nxf7 dxe3 22. Nd6 Qc5 23. Qe7 exf2+ 24. Kh1 h5 25. Qe6+ Kh7 26. Ne4 Nxe4 27. Qxe4 Bxb2 28. Rad1 Rf5 29. g4 hxg4 30. Qxg4 Bf6 31. Qe4 Kh6 32. Kg2 Rg5+ 33. Kh1 Rf5 34. Kg2 a5 35. Rd2 Rg5+ 36. Kf3 Rf5+ 37. Kg2 Rg5+ 38. Kf3 Re5 39. Qf4+ Bg5 40. Qd4 Rf5+ 41. Kg2 Qc6+ 0-1

[Event "45th Olympiad Budapest 2024"]
[Site "Budapest"]
[Date "2024.09.19"]
[Round "8"]
[Board "2"]
[White "Blomqvist, Erik"]
[Black "Pasko, Llambi"]
[Result "1-0"]
[WhiteElo "2491"]
[BlackElo "2396"]
[PlyCount "83"]
[EventDate "2024.09.11"]
[EventType "team-tourn"]
[EventRounds "11"]
[EventCountry "HUN"]
[WhiteTeam "Sweden"]
[BlackTeam "Albania"]
[WhiteTeamCountry "SWE"]
[BlackTeamCountry "ALB"]

1. e4 e5 2. Nf3 Nc6 3. Bb5 a6 4. Ba4 Nf6 5. O-O b5 6. Bb3 Bc5 7. a4 Bb7 8. d3 O-O 9. Bg5 h6 10. Bh4 Be7 11. axb5 axb5 12. Rxa8 Bxa8 ({RR} 12... Qxa8 13. Na3 Qa5 14. Bd5 d6 15. c4 bxc4 16. Nxc4 Qb5 17. Ne3 Bc8 18. Bxf6 Bxf6 19. Qc2 Bd7 20. Ra1 Rb8 21. b3 Bd8 22. Bc4 Qc5 23. h3 Nb4 24. Qd1 c6 25. Rc1 Qa7 26. d4 exd4 27. Nxd4 {½-½ Nepomniachtchi,I (2784)-Caruana,F (2835) Carlsen Inv Prelim rapid 2020 (1.2)}) 13. Na3 Qb8 $146 ({RR} 13... Bxa3 14. bxa3 Qe7 15. Qd2 Qd6 16. a4 b4 17. Rb1 Nh5 18. Bd5 Nf4 19. Bxc6 Bxc6 20. Bg3 Bxa4 21. Nxe5 Qxe5 22. Bxf4 Qc3 23. Rxb4 Qa1+ 24. Qc1 Qxc1+ 25. Bxc1 Bxc2 26. Rc4 Bxd3 27. Rxc7 Bxe4 28. Rxd7 {½-½ Erigaisi,A (2738)-Artemiev,V (2711) 5th Shenzhen Longgang 2024 (6.2)}) ({RR} 13... Na5 14. Ba2 b4 15. Nc4 Nxc4 16. Bxc4 d6 17. Qa1 c5 18. Qa7 Bc6 19. Ra1 g5 20. Bg3 Qd7 21. Qxd7 Nxd7 22. Nd2 Ra8 23. Rxa8+ Bxa8 24. Nf1 Nb6 25. Bb3 Bc6 26. Ne3 Bd7 27. f3 h5 28. h3 {½-½ Vokhidov,S (2589)-Yakubboev,N (2643) Zakovat Gambit Final 2023 (5.2)}) ({RR} 13... Na5 14. Ba2 b4 15. Nc4 Nxc4 16. Bxc4 d6 17. Nd2 Nd7 18. Bxe7 Qxe7 19. Qg4 Bc6 20. Ra1 Ra8 21. Rxa8+ Bxa8 22. Nf1 Nb6 23. Bb3 Bc6 24. Ne3 Bd7 25. Qd1 Qe8 26. Qe1 c5 27. Qa1 Qb8 28. Qa2 {½-½ Kevlishvili,R (2508)-Heberla,B (2577) Heart of Finland op 30th 2022 (7)}) 14. c3 d6 15. Nc2 Bb7 16. Ne3 Bc8 17. Qa1 Nd8 18. d4 c6 19. Re1 Re8 20. Qb1 g6 21. Bg3 Bf8 22. h3 Bg7 23. Rd1 Nh5 24. Bh2 Ne6 25. Qa2 c5 26. dxc5 dxc5 27. Bd5 Qc7 28. Qa8 Nef4 29. Qc6 Qe7 30. Qxb5 Rf8 31. Qb6 Kh7 32. Ra1 Be6 33. Ra7 Qf6 34. Bxe6 Nxh3+ 35. Kf1 N3f4 36. Ng4 Qxe6 37. Qxe6 fxe6 38. Nfxe5 Rb8 39. Bxf4 Nxf4 40. g3 Nh5 41. Nc4 Re8 42. Rc7 1-0